Nehru,s India : (Record no. 142730)

MARC details
000 -LEADER
fixed length control field 00538nam a22001697a 4500
005 - DATE AND TIME OF LATEST TRANSACTION
control field 20170720150257.0
010 ## - LCCN (DPL NO)
LC control number ENG-119301
020 ## - INTERNATIONAL STANDARD BOOK NUMBER
International Standard Book Number 97893852288265
Terms of availability 399.00
035 ## - SYSTEM CONTROL NUMBER
System control number EN-102833
037 ## - SOURCE OF ACQUISITION
Source of stock number/acquisition DBAD/PUB
082 00 - DEWEY DECIMAL CLASSIFICATION NUMBER
Classification number 954.09092
245 14 - TITLE STATEMENT
Title Nehru,s India :
Remainder of title essays on the maker of Nation/
Statement of responsibility, etc edited by Nayantara Sahgal
260 ## - PUBLICATION, DISTRIBUTION, ETC. (IMPRINT)
Place of publication, distribution, etc New Delhi
Name of publisher, distributor, etc Speaking Tiger Publishing
Date of publication, distribution, etc 2015
270 ## - ADDRESS
Address 4381/4,Ansari Road,Daryaganj
City New Delhi
Postal code 110002
300 ## - PHYSICAL DESCRIPTION
Extent 192p.
Dimensions 22cm.(Hb)
942 ## - ADDED ENTRY ELEMENTS (KOHA)
Source of classification or shelving scheme Dewey Decimal Classification
Item type English Books
Classification part 954.09092
Call number suffix NEH
Holdings
Withdrawn status Lost status Not for loan Collection code Home library Current library Date acquired Source of acquisition Cost, normal purchase price Full call number Barcode Copy number Cost, replacement price Koha item type
    Not For Loan Non-fiction D.B.Act.Division Bawana 20/07/2017 DBAD/PUB 399.00 954.09092 NEH EN-102833 1 399.00 English Books

© Delhi Public Library
Hit Counter
free hit counter